| 000 | 00930nam a22002537a 4500 | ||
|---|---|---|---|
| 005 | 20170124103125.0 | ||
| 010 | _a823456 | ||
| 020 | _c00.00 | ||
| 035 | _a823456 | ||
| 037 | _bCen Lib/Ret | ||
| 040 |
_aDPL _bHN |
||
| 082 |
_a820 _bभारती |
||
| 100 |
_aभारती सु.मा. _982810 |
||
| 245 |
_aभारती की ललित रचनाएँ / _c सु.मा. भारती |
||
| 246 |
_aBharti ki lalit rachnayen _bby S.Ma. Bharti |
||
| 260 | _aदिल्ली | ||
| 270 | _a | ||
| 300 |
_axviii,141पृष्ठ. _c20सेमी(सजिल्द) |
||
| 650 |
_aहिंदी साहित्य _982811 |
||
| 650 |
_aराष्ट्र कवि भारती - कथा साहित्य _982812 |
||
| 650 |
_ahindi literature _982813 |
||
| 650 |
_aNational poet Bharati - Fiction _982814 |
||
| 942 |
_2ddc _cHN _h820 _mभारती |
||
| 999 |
_c118987 _d118987 |
||